000 00246nam a2200097Ia 4500
001 1250241
005 20251031150852.0
008 251031s9999 xx 000 0 und d
245 0 _cAYŞE KULİN
_aA-1 BİR TATLI HUZUR
260 _bEVEREST YAYINLARI
999 _c1250241
_d1250241